000 01612nam2a2200253 4500
001 RU\NLR\bibl\1278341
005 20250615140341.0
035 _a(NLR Aleph) 001264143
090 _a397870
_c397870
100 _a20080926d2008 |||y0rusy50 ca
101 0 _arus
102 _aRU
105 _aa |||||||||
200 0 _a... в январе-августе 2008 года
_fФедер. служба гос. статистики, Террит. орган по г. Санкт-Петербургу и Ленингр. обл. (Петростат)
210 _aСанкт-Петербург
_cТерриториальный орган Федеральной службы государственной статистики по г. Санкт-Петербургу и Ленинградской области
_d2008
215 _a199 с.
_cил.
309 _aНа обл.: VII
316 _aЭкз. N 060
_5NLR
461 0 _1001RU\NLR\bibl\9260
_12001#$aСоциально-экономическое положение Санкт-Петербурга и Ленинградской области ...$v... в январе-августе 2008 года
_929324
_cСПб.
_d1998
_f[Госкомстат России, С.-Петерб. ком. гос. статистики]
_nПетербургкомстат
_tСоциально-экономическое положение Санкт-Петербурга и Ленинградской области ...
_v... в январе-августе 2008 года
801 0 _aRU
_bNLR
_c20080926
_gRCR
801 1 _aRU
_bNLR
_c20080926
942 _cBOOK
980 _aNB